| 000 | 00991 a2200217 4500 | ||
|---|---|---|---|
| 003 | Nust | ||
| 005 | 20230330105118.0 | ||
| 010 | _a 78069615 | ||
| 020 | _a0395271088 | ||
| 040 | _cNust | ||
| 082 | 0 | 0 | _a791.453,HYD |
| 100 | 1 |
_aHyde, Stuart Wallace _9111570 |
|
| 245 | 1 | 0 |
_aTelevision and radio announcing / _cStuart W. Hyde. |
| 250 | _a3d ed. | ||
| 260 |
_aBoston : _bHoughton Mifflin, _cc1979. |
||
| 300 |
_axii, 467 p. : _bill. ; _c25 cm. |
||
| 505 | _aElectronic Communication (Page-1), The Announcer Communicator (Page-16), The International Alphabet (Page-58), Voice and Diction (Page-82), Foreign pronunciation (Page-114), The Technical Side (Page-166), America English usage (Page-202), The New Language (Page-223), Interviewing (Page-249), Commercial Announcements (Page-286), Broadcast Journalism (Page-338), Music Announcing (Page-405), Sport Announcing (Page-424). | ||
| 650 | 0 |
_aRadio announcing. _9111571 |
|
| 650 | 0 |
_aTelevision announcing. _9111572 |
|
| 942 |
_2ddc _cBK |
||
| 999 |
_c185222 _d185222 |
||